000 00398nam a22001217a 4500
999 _c10076
_d10076
003 OSt
008 201218b ||||| |||| 00| 0 eng d
245 _aJournal of Information and Optimization Sciences
250 _a2012(Jan Vol.33 No.1, Mar-May Vol.33 No.2-3, Jul-Sep Vol.33 No.4-5, Nov Vol.33 No.6)
260 _aNew Delhi
_bTaru Publications
650 _aInformation Technology
942 _2ddc
_cBV